Visualizzazione normale
Vista MARC
- Bargoni
di Personal Name
Records bibliografici associati: 1
001 - CONTROL NUMBER
- control field: 9935
003 - CONTROL NUMBER IDENTIFIER
- control field: IT-RoPau
005 - DATE AND TIME OF LATEST TRANSACTION
- control field: 20140121161852.0
008 - FIXED-LENGTH DATA ELEMENTS
- fixed length control field: 140121|| aca||aabn | a|a d
040 ## - CATALOGING SOURCE
- Original cataloging agency: IT-RoPau
- Transcribing agency: IT-RoPau
100 ## - HEADING--PERSONAL NAME
- Personal name: Bargoni
- Miscellaneous information: Codice autore musica SPICS: 15602
- Relator term: Autore musica
- Name of part/section of a work: Concerto d'autunno
670 ## - SOURCE DATA FOUND
- Source citation: Work cat.: (IT-RoPau)102550: AA.VV. 794, Italia romantica